Logistics and Supply Chain Mgt. (Record no. 1950)

MARC details
000 -LEADER
fixed length control field 00426nam a22001697a 4500
005 - DATE AND TIME OF LATEST TRANSACTION
control field 20160527114732.0
008 - FIXED-LENGTH DATA ELEMENTS--GENERAL INFORMATION
fixed length control field 160527b xxu||||| |||| 00| 0 eng d
020 ## - INTERNATIONAL STANDARD BOOK NUMBER
ISBN 0333-93342-7
041 ## - LANGUAGE CODE
Language code of text/sound track or separate title eng
082 ## - DEWEY DECIMAL CLASSIFICATION NUMBER
Item number 5486
100 ## - MAIN ENTRY--AUTHOR NAME
Personal name Raghuram, G & Rangaraj, N
245 ## - TITLE STATEMENT
Title Logistics and Supply Chain Mgt.
260 ## - PUBLICATION, DISTRIBUTION, ETC. (IMPRINT)
Place of publication New Delhi
Name of publisher Academic Faundation
Year of publication 2000
300 ## - PHYSICAL DESCRIPTION
Number of Pages 409
650 ## - SUBJECT ADDED ENTRY--TOPICAL TERM
Topical Term Management
942 ## - ADDED ENTRY ELEMENTS (KOHA)
Koha item type Books
Holdings
Lost status Damaged status Collection code Home library Current library Shelving location Date acquired Cost, normal purchase price Full call number Accession Number Koha item type
    MANAGEMENT JRU Library JRU Library SHELF- 66 M 27/05/2016 288.00 5486 5486 Books